00382 a2200157 4500003000400000005001700004008004100021020001800062040000900080082001500089100001800104245003700122250001200159260004300171300001000214OSt20240202142002.0240202b |||||||| |||| 00| 0 eng d a9789393018045 coclc a920bAJI/C aAjithkumar, p aCharlie Chaplin /cP. Ajithkumar a4th ed. aKozhikode:bOlive Publications,c2022. a305p.